Take up protocol gauntlet (Record no. 72006)
[ view plain ]
| 000 -LEADER | |
|---|---|
| fixed length control field | 01199cam a2200205 4500 |
| 001 - CONTROL NUMBER | |
| control field | ##ABS66364 |
| 008 - FIXED-LENGTH DATA ELEMENTS--GENERAL INFORMATION | |
| fixed length control field | 030130n2003 000 0 eng u |
| 035 ## - SYSTEM CONTROL NUMBER | |
| System control number | (Sirsi) u121179 |
| 041 0# - LANGUAGE CODE | |
| Language code of text/sound track or separate title | eng |
| 100 1# - MAIN ENTRY--PERSONAL NAME | |
| Personal name | Willetts, G. |
| 245 00 - TITLE STATEMENT | |
| Title | Take up protocol gauntlet |
| 260 ## - PUBLICATION, DISTRIBUTION, ETC. | |
| Date of publication, distribution, etc. | 2003 |
| 490 ## - SERIES STATEMENT | |
| Series statement | Estates Gazette |
| Volume/sequential designation | (0301) 4 January 2003, 59(1) |
| 520 ## - SUMMARY, ETC. | |
| Summary, etc. | Reviews the requirements set out in the Society of Construction Law "Pre-action protocol for terminal dilapidations claims for damages", which has raised concerns that surveyors may not be able to meet its guidelines. Argues that there should not be a lack of s18 valuers available, as all surveyors should have the necessary skills to carry out this type of valuation. Landlord and Tenant Act 1927 s18 deals with diminution in value and emphasises these issues should be addressed at an early stage of a dispute to give all parties the chance to negotiate a settlement. |
| 590 ## - LOCAL NOTE (RLIN) | |
| Local note | ABS |
| 650 24 - SUBJECT ADDED ENTRY--TOPICAL TERM | |
| Topical term or geographic name entry element | LANDLORD AND TENANT ACT 1927 S18 |
| 650 24 - SUBJECT ADDED ENTRY--TOPICAL TERM | |
| Topical term or geographic name entry element | SOCIETY OF CONSTRUCTION LAW PRE-ACTION PROTOCOL FOR TERMINAL DILAPIDATIONS CLAIMS FOR DAMAGES |
| 690 ## - LOCAL SUBJECT ADDED ENTRY--TOPICAL TERM (OCLC, RLIN) | |
| Topical term or geographic name as entry element | PROPERTY-LEASEHOLD PROPERTY-LANDLORD AND TENANT-DILAPIDATIONS |
| 942 ## - ADDED ENTRY ELEMENTS (KOHA) | |
| Suppress in OPAC | 0 |
| Withdrawn status | Lost status | Source of classification or shelving scheme | Damaged status | Not for loan | Home library | Current library | Shelving location | Date acquired | Total Checkouts | Full call number | Barcode | Date last seen | Copy number | Price effective from | Koha item type |
|---|---|---|---|---|---|---|---|---|---|---|---|---|---|---|---|
| Dewey Decimal Classification | London | London | Journal article | 30/01/2003 | ABS66364 | 121179-1001 | 06/08/2019 | 1 | 06/08/2019 | Journal article |